[Event "Quebec op"]
[Site "Montreal CAN"]
[Date "2000.07.25"]
[Round "5"]
[White "Dumouchel, Alain"]
[Black "Archangelsky, Mikhail"]
[Result "0-1"]
[WhiteElo "2021"]
[BlackElo "2384"]
[PlyCount "60"]
[GameId "2160767911653135"]
[EventDate "2000.07.22"]
[EventType "swiss"]
[EventRounds "9"]
[EventCountry "CAN"]

1. d4 d5 2. Bg5 c5 3. dxc5 f6 4. Bd2 a5 5. e4 dxe4 6. Nc3 f5 7. Bf4 Nf6 8. Qxd8+ Kxd8 9. O-O-O+ Bd7 10. Bb5 e5 11. Bxe5 Bxc5 12. Nd5 Bxb5 13. Nxf6+ Nd7 14. Nxd7 Bxd7 15. Nh3 Ke7 16. Nf4 Bxf2 17. Nd5+ Ke6 18. Bxg7 Rhc8 19. Rhf1 e3 20. b3 Bb5 21. c4 Bxc4 22. bxc4 Rxc4+ 23. Nc3 Rg8 24. Bd4 Rd8 25. Bg7 e2 26. Rde1 Bxe1 27. Rxe1 Kf7 28. Be5 Re8 29. Rxe2 Rxc3+ 30. Kd2 Rc5 0-1

[Event "Quebec op"]
[Site "Montreal CAN"]
[Date "2000.07.25"]
[Round "5"]
[White "Feoktistov, Dmitri"]
[Black "Tyomkin, Dimitri"]
[Result "0-1"]
[WhiteElo "1991"]
[BlackElo "2513"]
[PlyCount "102"]
[GameId "2160767911653138"]
[EventDate "2000.07.22"]
[EventType "swiss"]
[EventRounds "9"]
[EventCountry "CAN"]

1. d4 d5 2. c4 c6 3. Nf3 e6 4. e3 Nf6 5. Nc3 Nbd7 6. Bd3 dxc4 7. Bxc4 b5 8. Bd3 a6 9. O-O c5 10. a3 Bb7 11. Qe2 Bd6 12. Rd1 Qb8 13. h3 O-O 14. Bc2 Rc8 15. e4 cxd4 16. Nxd4 Nc5 17. Bg5 Bh2+ 18. Kh1 Be5 19. Qe3 h6 20. Bxf6 Bxf6 21. f4 e5 22. fxe5 Qxe5 23. Nf3 Qe7 24. Re1 Re8 25. e5 Bxf3 26. Qxf3 Bxe5 27. Re2 Qf8 28. Rae1 Bxc3 29. Qxc3 Rxe2 30. Rxe2 Rc8 31. Qe5 Nd7 32. Qe3 Nf6 33. Qd3 Qc5 34. Qf3 Qc7 35. Qf5 h5 36. Qf3 Qd6 37. Qf5 Qd8 38. Qf3 g6 39. Qb3 Kg7 40. Qf3 Qd6 41. Qb3 Qf4 42. Qd3 h4 43. Bd1 Rc4 44. Re1 Ne4 45. Qd5 Nf2+ 46. Kg1 Nxh3+ 47. Kh1 Rd4 48. Qb3 Rd3 49. Qc2 Nf2+ 50. Kg1 Nxd1 51. Rxd1 Qd4+ 0-1

[Event "Quebec op"]
[Site "Montreal CAN"]
[Date "2000.07.25"]
[Round "5"]
[White "Gagnon, Michel"]
[Black "Terminasov, Zaven"]
[Result "0-1"]
[WhiteElo "2193"]
[BlackElo "1800"]
[PlyCount "68"]
[GameId "2160767911653139"]
[EventDate "2000.07.22"]
[EventType "swiss"]
[EventRounds "9"]
[EventCountry "CAN"]

1. e4 c5 2. Nf3 d6 3. d4 cxd4 4. Nxd4 Nf6 5. Nc3 a6 6. Bg5 e6 7. f4 Qc7 8. Bd3 Nbd7 9. Qf3 b5 10. a3 Qb6 11. Nb3 Bb7 12. Bxf6 gxf6 13. Qe2 h5 14. g3 O-O-O 15. O-O-O Kb8 16. Rhf1 Be7 17. Kb1 Nc5 18. Qf2 Qc7 19. Rc1 Nxb3 20. cxb3 Qc5 21. b4 Qxf2 22. Rxf2 Rd7 23. Bc2 Rc7 24. Bb3 Bc8 25. Rfc2 h4 26. Rg2 hxg3 27. hxg3 Rh3 28. Bd1 Bb7 29. Rg1 Rc4 30. Bc2 Rc8 31. Ne2 Rh2 32. Rce1 Bd8 33. Rh1 Rxh1 34. Rxh1 Rxc2 0-1

[Event "Quebec op"]
[Site "Montreal CAN"]
[Date "2000.07.25"]
[Round "5"]
[White "Gibson, Kris"]
[Black "Desjardins, Andre"]
[Result "0-1"]
[WhiteElo "1865"]
[BlackElo "2194"]
[PlyCount "66"]
[GameId "2160767911653140"]
[EventDate "2000.07.22"]
[EventType "swiss"]
[EventRounds "9"]
[EventCountry "CAN"]

1. e4 c5 2. Nf3 Nf6 3. d4 cxd4 4. Nxd4 Nc6 5. Nc3 e5 6. Ndb5 d6 7. Bg5 a6 8. Bxf6 gxf6 9. Na3 f5 10. Bc4 b5 11. Bd5 Bd7 12. Qh5 Qf6 13. exf5 Rc8 14. g4 Nd4 15. Ne4 Qg7 16. Ng5 b4 17. Nc4 Nxc2+ 18. Kd1 Nxa1 19. Nxf7 Ke7 20. Nxh8 Qxh8 21. Qf7+ Kd8 22. Nb6 Rc7 23. Nxd7 Rxd7 24. Qe6 Be7 25. g5 Bxg5 26. Rg1 h6 27. h4 e4 28. Rxg5 hxg5 29. f6 gxh4 30. Bc6 Qh5+ 31. Kd2 Rf7 32. Qe8+ Kc7 33. Bd5 Qxd5+ 0-1

[Event "Quebec op"]
[Site "Montreal CAN"]
[Date "2000.07.25"]
[Round "5"]
[White "Goldenberg, Danny"]
[Black "Poulin, Maurice"]
[Result "1-0"]
[WhiteElo "2317"]
[BlackElo "2108"]
[PlyCount "47"]
[GameId "2160767911653141"]
[EventDate "2000.07.22"]
[EventType "swiss"]
[EventRounds "9"]
[EventCountry "CAN"]

1. e4 g6 2. d4 Bg7 3. Nf3 d6 4. Nc3 Nf6 5. Be2 O-O 6. O-O Bg4 7. Be3 Nc6 8. Nd2 Bxe2 9. Qxe2 Nd7 10. Nb3 e5 11. dxe5 Bxe5 12. Rad1 Re8 13. Qd2 Nb6 14. Bg5 f6 15. Bh4 g5 16. Bg3 Bxc3 17. Qxc3 Rxe4 18. f4 Rc4 19. Qf3 gxf4 20. Bxf4 Rxc2 21. Bh6 Kh8 22. Nd4 Nxd4 23. Rxd4 Nd7 24. Rg4 1-0

[Event "Quebec op"]
[Site "Montreal CAN"]
[Date "2000.07.25"]
[Round "5"]
[White "Grondin, Jean-Philippe"]
[Black "Bachand-Fleurent, Julien"]
[Result "1-0"]
[WhiteElo "2107"]
[BlackElo "1962"]
[PlyCount "43"]
[GameId "2160767911653142"]
[EventDate "2000.07.22"]
[EventType "swiss"]
[EventRounds "9"]
[EventCountry "CAN"]

1. e4 e6 2. d4 d5 3. Nc3 Bb4 4. Bd3 dxe4 5. Bxe4 Nf6 6. Bf3 c5 7. Nge2 Nc6 8. a3 Bxc3+ 9. bxc3 Qa5 10. O-O O-O 11. Bg5 Rd8 12. Bxf6 gxf6 13. Qd3 Ne5 14. Qe3 Nxf3+ 15. Qxf3 cxd4 16. Qxf6 dxc3 17. Rad1 Rd7 18. Nd4 Qd8 19. Qe5 Rd5 20. Nf5 Qf8 21. Rxd5 exf5 22. Rd3 1-0

[Event "Quebec op"]
[Site "Montreal CAN"]
[Date "2000.07.25"]
[Round "5"]
[White "Khassanov, Marat"]
[Black "Clement, Michel"]
[Result "1-0"]
[WhiteElo "2409"]
[BlackElo "2080"]
[PlyCount "85"]
[GameId "2160767911653143"]
[EventDate "2000.07.22"]
[EventType "swiss"]
[EventRounds "9"]
[EventCountry "CAN"]

1. Nf3 f5 2. d3 d5 3. Nbd2 Nf6 4. e4 e6 5. e5 Nfd7 6. d4 Be7 7. c4 c6 8. Bd3 O-O 9. h3 Nb6 10. c5 N6d7 11. b4 a5 12. bxa5 Rxa5 13. g4 b6 14. gxf5 exf5 15. Qc2 g6 16. Rg1 Kh8 17. Nb3 Ra7 18. Ng5 Bxg5 19. Bxg5 Qe8 20. cxb6 Nxb6 21. Nc5 N8d7 22. Nxd7 Nxd7 23. Bh6 Rf6 24. Kf1 Re6 25. f4 Ba6 26. Rg3 Bxd3+ 27. Rxd3 Qc8 28. Kg1 Qa6 29. a4 Ra8 30. Rb3 Qa7 31. Qf2 Kg8 32. a5 c5 33. Qg2 cxd4 34. Qxd5 d3+ 35. Kg2 Nc5 36. Rb6 Kf7 37. Qxc5 Rxb6 38. axb6 Qb7+ 39. Kg3 Rxa1 40. Qf8+ Ke6 41. Qd6+ Kf7 42. e6+ Kf6 43. Qe5+ 1-0

[Event "Quebec op"]
[Site "Montreal CAN"]
[Date "2000.07.25"]
[Round "5"]
[White "Lasitsin, Ilja"]
[Black "Sakr, Nassim"]
[Result "0-1"]
[WhiteElo "1952"]
[BlackElo "2193"]
[PlyCount "68"]
[GameId "2160767911653144"]
[EventDate "2000.07.22"]
[EventType "swiss"]
[EventRounds "9"]
[EventCountry "CAN"]

1. c4 Nf6 2. Nc3 g6 3. g3 Bg7 4. Bg2 d6 5. e4 O-O 6. d3 c6 7. Nge2 Nbd7 8. O-O e5 9. h3 a5 10. Be3 Nc5 11. f4 Nfd7 12. f5 Rb8 13. g4 Bf6 14. Qd2 Re8 15. g5 Bg7 16. f6 Bf8 17. h4 h5 18. Rfc1 Ne6 19. a3 Ndc5 20. Qc2 Na6 21. Rab1 Nec7 22. Bb6 Be6 23. b4 axb4 24. axb4 Qd7 25. b5 Nc5 26. Kh2 Rbc8 27. Rb2 d5 28. bxc6 bxc6 29. Bxc7 Rxc7 30. Nd1 dxc4 31. dxc4 Nd3 32. Rcb1 Nxb2 33. Nxb2 Rb8 34. Rd1 Rxb2 0-1

[Event "Quebec op"]
[Site "Montreal CAN"]
[Date "2000.07.25"]
[Round "5"]
[White "Loadman, Ian"]
[Black "St Amand, Paul Jr"]
[Result "1-0"]
[WhiteElo "2087"]
[BlackElo "2153"]
[PlyCount "93"]
[GameId "2160767911653147"]
[EventDate "2000.07.22"]
[EventType "swiss"]
[EventRounds "9"]
[EventCountry "CAN"]

1. e4 c5 2. Nf3 d6 3. Bb5+ Bd7 4. Bxd7+ Nxd7 5. O-O Ngf6 6. Qe2 e6 7. c3 Be7 8. d4 cxd4 9. cxd4 d5 10. e5 Ne4 11. Ne1 Rc8 12. Nd3 f5 13. f3 Ng5 14. Nc3 a6 15. Nf4 Qb6 16. Be3 O-O 17. Rad1 Rfe8 18. Qd2 Nf7 19. Nfxd5 exd5 20. Nxd5 Qb5 21. Nc3 Qc4 22. f4 Bb4 23. d5 Bxc3 24. Qxc3 Qxc3 25. bxc3 Nd6 26. Bd4 Ne4 27. Rf3 h5 28. Rh3 g6 29. g4 fxg4 30. Re3 Nef6 31. e6 Red8 32. exd7 Nxd7 33. Re7 Nc5 34. c4 b5 35. Rde1 bxc4 36. Rg7+ Kf8 37. Ree7 Ne6 38. Rxe6 Rxd5 39. Bf6 Rd1+ 40. Kf2 c3 41. Ree7 Rd2+ 42. Kg3 Rc6 43. Ref7+ Ke8 44. Ra7 Rxf6 45. Ra8+ Rd8 46. Rg8+ Rf8 47. Rxf8+ 1-0

[Event "Quebec op"]
[Site "Montreal CAN"]
[Date "2000.07.25"]
[Round "5"]
[White "Miladinovic, Igor"]
[Black "Kalinichev, Andrey"]
[Result "1-0"]
[WhiteElo "2538"]
[BlackElo "2043"]
[PlyCount "103"]
[GameId "2160767911653148"]
[EventDate "2000.07.22"]
[EventType "swiss"]
[EventRounds "9"]
[EventCountry "CAN"]

1. d4 g6 2. e4 Bg7 3. Nc3 d6 4. Be3 c6 5. Qd2 b5 6. f3 a6 7. Nge2 Nd7 8. g4 h5 9. g5 Nb6 10. b3 e6 11. a4 b4 12. Nd1 a5 13. Nb2 Ne7 14. c3 bxc3 15. Nxc3 Ba6 16. Bxa6 Rxa6 17. O-O O-O 18. Nd3 Ra8 19. Rac1 Rb8 20. Ne2 Nd7 21. Rb1 c5 22. Rfd1 Nc6 23. dxc5 Nxc5 24. Nxc5 dxc5 25. Bxc5 Qxd2 26. Rxd2 Rfd8 27. Rxd8+ Rxd8 28. f4 Rd2 29. Kf1 Nd4 30. Bxd4 Bxd4 31. Rc1 Bb6 32. Rc6 Rd1+ 33. Kg2 Rd2 34. Rxb6 Rxe2+ 35. Kg3 Rxe4 36. Kf3 Re1 37. Rb5 Rc1 38. h4 Kg7 39. Ke4 Rc3 40. Kd4 Rf3 41. Ke5 Rd3 42. Rxa5 Rxb3 43. Rb5 Re3+ 44. Kd6 Re4 45. a5 Rxf4 46. Kc5 Rxh4 47. a6 Ra4 48. Kb6 f6 49. Ra5 Rb4+ 50. Kc7 Rc4+ 51. Kd7 Rd4+ 52. Ke7 1-0

[Event "Quebec op"]
[Site "Montreal CAN"]
[Date "2000.07.25"]
[Round "5"]
[White "Morin, Yves"]
[Black "Arsenault, Michel"]
[Result "1-0"]
[WhiteElo "2267"]
[BlackElo "1920"]
[PlyCount "51"]
[GameId "2160767911653149"]
[EventDate "2000.07.22"]
[EventType "swiss"]
[EventRounds "9"]
[EventCountry "CAN"]

1. e4 c5 2. Bc4 e6 3. Qe2 Be7 4. d3 Nc6 5. Nf3 a6 6. a3 d5 7. Ba2 Nf6 8. Nbd2 O-O 9. O-O dxe4 10. dxe4 e5 11. c3 Bg4 12. Rd1 h6 13. Nc4 Qe8 14. Ne3 Be6 15. Nd5 Rc8 16. a4 b5 17. axb5 axb5 18. Nxf6+ Bxf6 19. Bxe6 Qxe6 20. Qxb5 Be7 21. Ra6 f5 22. exf5 Rxf5 23. Re1 Qd5 24. Qb7 Qe6 25. b4 cxb4 26. Nd4 1-0

[Event "Quebec op"]
[Site "Montreal CAN"]
[Date "2000.07.25"]
[Round "5"]
[White "Moss, Laurent"]
[Black "Golts, Roman"]
[Result "0-1"]
[WhiteElo "2035"]
[BlackElo "2291"]
[PlyCount "62"]
[GameId "2160767911653150"]
[EventDate "2000.07.22"]
[EventType "swiss"]
[EventRounds "9"]
[EventCountry "CAN"]

1. d4 Nf6 2. Nf3 e6 3. Bg5 Be7 4. Nbd2 d5 5. e3 O-O 6. Bd3 Nbd7 7. c3 c5 8. Ne5 Nxe5 9. dxe5 Nd7 10. Bf4 f5 11. Nf3 g5 12. Bg3 f4 13. exf4 gxf4 14. Nh4 Nxe5 15. Bxh7+ Kxh7 16. Qh5+ Kg7 17. Qxe5+ Bf6 18. Qh5 Qe8 19. Qg4+ Kh7 20. O-O-O e5 21. Qe2 Be6 22. Nf3 e4 23. Nd2 fxg3 24. hxg3+ Kg7 25. Nxe4 dxe4 26. Qxe4 Bg5+ 27. f4 Bf5 28. Qxb7+ Rf7 29. Qf3 Qa4 30. Qe2 Re8 31. Qf2 Qxa2 0-1

[Event "Quebec op"]
[Site "Montreal CAN"]
[Date "2000.07.25"]
[Round "5"]
[White "Neacsu, Catalin"]
[Black "Gruzmann, Boris"]
[Result "0-1"]
[WhiteElo "1987"]
[BlackElo "2302"]
[PlyCount "80"]
[GameId "2160767911653151"]
[EventDate "2000.07.22"]
[EventType "swiss"]
[EventRounds "9"]
[EventCountry "CAN"]

1. e4 c5 2. Nf3 d6 3. d4 cxd4 4. Nxd4 Nf6 5. Nc3 a6 6. Be2 g6 7. O-O Bg7 8. a4 Nc6 9. Be3 O-O 10. h3 Bd7 11. Nb3 Na5 12. Nxa5 Qxa5 13. Ra3 Bc6 14. f3 Rfd8 15. b4 Qc7 16. Nd5 Bxd5 17. exd5 a5 18. bxa5 Rxa5 19. Bb5 Rc8 20. c4 Nd7 21. Qd2 Raa8 22. a5 e5 23. dxe6 fxe6 24. Rd3 Bf8 25. Bf4 Nc5 26. Ra3 Rd8 27. Rd1 Qf7 28. Kh1 d5 29. Bg5 Be7 30. Bxe7 Qxe7 31. Qb4 d4 32. a6 bxa6 33. Rxa6 Rxa6 34. Bxa6 d3 35. Bb5 Qd6 36. Rd2 Qe5 37. Kg1 Nb3 38. Qe7 Qa1+ 39. Kh2 Nxd2 40. Qxe6+ Kh8 0-1

[Event "Quebec op"]
[Site "Montreal CAN"]
[Date "2000.07.25"]
[Round "5"]
[White "Nicula, Marius"]
[Black "Trottier, Yves"]
[Result "1/2-1/2"]
[WhiteElo "2225"]
[BlackElo "1932"]
[PlyCount "44"]
[GameId "2160767911653152"]
[EventDate "2000.07.22"]
[EventType "swiss"]
[EventRounds "9"]
[EventCountry "CAN"]

1. d4 d5 2. Nf3 Nf6 3. c4 e6 4. Nc3 Be7 5. Bf4 O-O 6. e3 c5 7. dxc5 Bxc5 8. cxd5 exd5 9. Be2 Nc6 10. O-O Be6 11. Rc1 Bb6 12. Nb5 a6 13. Nbd4 Bd7 14. Bg5 Re8 15. Nb3 Bg4 16. Nc5 Bxc5 17. Rxc5 Qd6 18. Rc1 Ne4 19. Bf4 Qe6 20. Re1 h6 21. Nd4 Bxe2 22. Rxe2 Qf6 1/2-1/2

[Event "Quebec op"]
[Site "Montreal CAN"]
[Date "2000.07.25"]
[Round "5"]
[White "Pineault, Denis"]
[Black "Mikanovic, Goran"]
[Result "1/2-1/2"]
[WhiteElo "2175"]
[BlackElo "2336"]
[PlyCount "81"]
[GameId "2160767911653153"]
[EventDate "2000.07.22"]
[EventType "swiss"]
[EventRounds "9"]
[EventCountry "CAN"]

1. e4 c5 2. c3 d5 3. exd5 Qxd5 4. d4 Nf6 5. Nf3 e6 6. Be3 Nbd7 7. c4 Qd6 8. Nc3 Be7 9. dxc5 Qxd1+ 10. Rxd1 Bxc5 11. Bxc5 Nxc5 12. g3 a5 13. Bg2 Ke7 14. Ke2 Ra6 15. Nd4 Rb6 16. Ndb5 Bd7 17. b3 Bc6 18. Bxc6 bxc6 19. Nd4 g6 20. f3 e5 21. Nc2 h5 22. Rd2 Rd8 23. Rhd1 Rxd2+ 24. Rxd2 Rb8 25. Ke3 Nfd7 26. Ne4 Nxe4 27. Kxe4 Ke6 28. Ke3 g5 29. f4 f6 30. fxg5 fxg5 31. Ne1 g4 32. Nd3 c5 33. Nf2 Rf8 34. Ne4 Rf1 35. Rd6+ Ke7 36. Ra6 Re1+ 37. Kd3 Rh1 38. Rxa5 Rxh2 39. Ra6 h4 40. gxh4 Rh3+ 41. Ke2 1/2-1/2

[Event "Quebec op"]
[Site "Montreal CAN"]
[Date "2000.07.25"]
[Round "5"]
[White "Pnevmonidis, Pantelis"]
[Black "Wilkin, Alain"]
[Result "1-0"]
[WhiteElo "2224"]
[BlackElo "1915"]
[PlyCount "69"]
[GameId "2160767911653154"]
[EventDate "2000.07.22"]
[EventType "swiss"]
[EventRounds "9"]
[EventCountry "CAN"]

1. e4 c5 2. Nf3 e6 3. d4 cxd4 4. Nxd4 a6 5. Bd3 Nc6 6. Nxc6 dxc6 7. O-O e5 8. Be3 Nf6 9. f3 Be6 10. Nd2 Be7 11. Qe1 O-O 12. Nc4 Bxc4 13. Bxc4 b5 14. Be2 Nh5 15. g3 g6 16. Qc3 Qc7 17. a4 b4 18. Qc4 a5 19. Rad1 Bf6 20. Rd3 Rfd8 21. Rfd1 Ng7 22. Rxd8+ Bxd8 23. Qd3 Ne6 24. c3 h5 25. Kg2 Bg5 26. Bxg5 Nxg5 27. Qe3 Ne6 28. Bc4 Rd8 29. Rxd8+ Nxd8 30. cxb4 axb4 31. Qc5 Qb8 32. a5 Kg7 33. a6 b3 34. a7 Qb7 35. Qxe5+ 1-0

[Event "Quebec op"]
[Site "Montreal CAN"]
[Date "2000.07.25"]
[Round "5"]
[White "Prahov, Valentin"]
[Black "Kulagin, Maxim"]
[Result "1-0"]
[WhiteElo "2170"]
[BlackElo "1895"]
[PlyCount "111"]
[GameId "2160767911653155"]
[EventDate "2000.07.22"]
[EventType "swiss"]
[EventRounds "9"]
[EventCountry "CAN"]

1. e4 e6 2. d4 d5 3. e5 c5 4. c3 Nc6 5. Nf3 Qb6 6. a3 a5 7. b3 Nh6 8. Bd3 Bd7 9. Bb2 a4 10. b4 cxb4 11. cxb4 Nxb4 12. axb4 Bxb4+ 13. Bc3 O-O 14. O-O Rfc8 15. Bxb4 Qxb4 16. Qd2 Qb3 17. Ra3 Qb6 18. Nc3 Qb4 19. Rfa1 Ra5 20. Ne1 Rca8 21. Nc2 Qe7 22. Na2 b5 23. Ncb4 Rc8 24. Rc3 Rxc3 25. Qxc3 Ra8 26. Rc1 Ng4 27. h3 Nh6 28. Qc7 g6 29. Bxb5 Rc8 30. Qxd7 Rxc1+ 31. Nxc1 Qxb4 32. Qc8+ Kg7 33. Qc5 Qe1+ 34. Bf1 Nf5 35. g4 Nh4 36. Qa3 Qe4 37. Qe3 Qc2 38. Be2 h6 39. Kh2 g5 40. Kg3 Ng6 41. Bd3 Qd1 42. Bxg6 Qg1+ 43. Kf3 Kxg6 44. Ke2 Qh1 45. Kd2 Kg7 46. Kc2 Qf1 47. Kb2 Kg8 48. Qg3 a3+ 49. Kxa3 Qxc1+ 50. Kb3 Qb1+ 51. Kc3 Qa1+ 52. Kc2 Qa2+ 53. Kd1 Qb1+ 54. Ke2 Qc2+ 55. Kf3 Qb1 56. Kg2 1-0

[Event "Quebec op"]
[Site "Montreal CAN"]
[Date "2000.07.25"]
[Round "5"]
[White "Roy, Guy"]
[Black "Kogan, Artur"]
[Result "0-1"]
[WhiteElo "2089"]
[BlackElo "2483"]
[PlyCount "92"]
[GameId "2160767911653156"]
[EventDate "2000.07.22"]
[EventType "swiss"]
[EventRounds "9"]
[EventCountry "CAN"]

1. e4 c5 2. Ne2 e6 3. d3 Nc6 4. g3 g6 5. Bg2 Bg7 6. O-O Nge7 7. c3 d5 8. Qc2 O-O 9. f4 b6 10. Be3 Ba6 11. Rd1 d4 12. Bf2 Rc8 13. c4 e5 14. Nd2 Rc7 15. Nf3 Bc8 16. Nh4 f6 17. Rf1 Bh6 18. Nf3 Be6 19. Be1 Bg7 20. fxe5 fxe5 21. Bd2 h6 22. Kh1 Qd7 23. Neg1 Nb4 24. Qb1 b5 25. a3 Na6 26. b3 g5 27. Qc1 Ng6 28. Rb1 Rb7 29. h3 Nc7 30. Nh2 Ne8 31. Rxf8+ Bxf8 32. g4 Qc8 33. Ngf3 Qb8 34. Ra1 bxc4 35. bxc4 Rb3 36. Bf1 Ng7 37. Qd1 Bd7 38. Ng1 Ne6 39. Qf3 Nef4 40. Qg3 Bc6 41. Bxf4 Nxf4 42. Ngf3 Rc3 43. h4 Be7 44. hxg5 hxg5 45. Nd2 Qb2 46. Rd1 Ba4 0-1

[Event "Quebec op"]
[Site "Montreal CAN"]
[Date "2000.07.25"]
[Round "5"]
[White "Rozentalis, Eduardas"]
[Black "Egorov, Mikhail"]
[Result "1-0"]
[WhiteElo "2553"]
[BlackElo "2114"]
[PlyCount "34"]
[GameId "2160767911653157"]
[EventDate "2000.07.22"]
[EventType "swiss"]
[EventRounds "9"]
[EventCountry "CAN"]

1. e4 e5 2. Nf3 Nf6 3. Nc3 Nc6 4. g3 d5 5. exd5 Nxd5 6. Bg2 Be6 7. O-O f6 8. Re1 Nxc3 9. bxc3 Qd7 10. d4 O-O-O 11. Qe2 Bg4 12. dxe5 fxe5 13. Rb1 Bd6 14. Qb5 Rdf8 15. Qxb7+ Kd8 16. Bg5+ Ke8 17. Nxe5 Nxe5 1-0

[Event "Quebec op"]
[Site "Montreal CAN"]
[Date "2000.07.25"]
[Round "5"]
[White "Sarwer, Jeff"]
[Black "Luksza, Arkadiusz"]
[Result "0-1"]
[WhiteElo "2164"]
[BlackElo "2063"]
[PlyCount "66"]
[GameId "2160767911653158"]
[EventDate "2000.07.22"]
[EventType "swiss"]
[EventRounds "9"]
[EventCountry "CAN"]

1. d4 g6 2. c4 d6 3. e4 Bg7 4. Nc3 Nf6 5. Nge2 O-O 6. Ng3 e5 7. d5 Nbd7 8. Be2 a6 9. h4 h5 10. Bg5 Qe8 11. Qd2 Kh7 12. O-O-O Ng8 13. Kb1 Rb8 14. Nf1 Ndf6 15. f3 b5 16. cxb5 axb5 17. Rc1 Bd7 18. Nd1 Rb7 19. Qb4 Qa8 20. Nc3 Rfb8 21. Rc2 Ne7 22. Nd2 c5 23. dxc6 Nxc6 24. Qxd6 Ne8 25. Qd5 Nd4 26. a3 b4 27. axb4 Be6 28. Qc5 Rc7 29. Qxc7 Nxc7 30. Rcc1 Rxb4 31. Be7 Rb7 32. Bc4 Bh6 33. Bg5 Ra7 0-1

[Event "Quebec op"]
[Site "Montreal CAN"]
[Date "2000.07.25"]
[Round "5"]
[White "Sasseville, Jean"]
[Black "Gaspariants, Garry"]
[Result "0-1"]
[WhiteElo "1950"]
[BlackElo "2282"]
[PlyCount "107"]
[GameId "2160767911653159"]
[EventDate "2000.07.22"]
[EventType "swiss"]
[EventRounds "9"]
[EventCountry "CAN"]

1. c4 e5 2. Nc3 Nf6 3. Nf3 Nc6 4. g3 Bb4 5. Bg2 O-O 6. O-O d6 7. Qc2 h6 8. d3 Bg4 9. a3 Bxf3 10. exf3 Nd4 11. Qd1 Bc5 12. Na4 Nd7 13. b4 Bb6 14. Be3 Ne6 15. Nxb6 Nxb6 16. f4 exf4 17. Bxb6 axb6 18. Bxb7 Rb8 19. Bd5 Nd4 20. Qg4 Qg5 21. Qxg5 hxg5 22. gxf4 c6 23. Bg2 gxf4 24. f3 Ra8 25. Ra2 Rfe8 26. Kf2 Ra4 27. Rc1 f5 28. b5 c5 29. Re1 Rxe1 30. Kxe1 d5 31. cxd5 Kf7 32. Kf2 Ke7 33. Bf1 Kd6 34. Be2 Nxb5 35. Rb2 Ra5 36. a4 Nc3 37. Rxb6+ Kxd5 38. Rg6 Rxa4 39. Rxg7 Nxe2 40. Kxe2 Ra2+ 41. Kf1 Kd4 42. Rg5 Kxd3 43. Rxf5 c4 44. Rxf4 c3 45. Rf8 Rxh2 46. Rd8+ Ke3 47. Re8+ Kxf3 48. Rf8+ Ke3 49. Re8+ Kd3 50. Rd8+ Kc2 51. Ke1 Rd2 52. Rc8 Rd4 53. Ke2 Re4+ 54. Kf3 0-1

[Event "Quebec op"]
[Site "Montreal CAN"]
[Date "2000.07.25"]
[Round "5"]
[White "Strassmann, Swantje"]
[Black "Gilman, Arkadiy"]
[Result "0-1"]
[WhiteElo "2070"]
[BlackElo "2265"]
[PlyCount "96"]
[GameId "2160767911653161"]
[EventDate "2000.07.22"]
[EventType "swiss"]
[EventRounds "9"]
[EventCountry "CAN"]

1. e4 e6 2. d4 d5 3. e5 c5 4. c3 Nc6 5. Nf3 Bd7 6. a3 cxd4 7. cxd4 Na5 8. Nbd2 Rc8 9. b3 Qb6 10. Be2 Ne7 11. O-O Nf5 12. Bb2 Be7 13. b4 Nc4 14. Nxc4 dxc4 15. Rc1 Qa6 16. Nd2 b5 17. Ne4 Bc6 18. Nc5 Bxc5 19. bxc5 Qb7 20. g3 Rd8 21. Qc2 Be4 22. Qc3 Nxd4 23. Qxd4 Rxd4 24. Bxd4 O-O 25. f3 Bc6 26. Kf2 Rd8 27. Rfd1 Kf8 28. Bc3 Rxd1 29. Rxd1 Bd5 30. Ra1 Bc6 31. Ra2 g5 32. h3 h5 33. g4 h4 34. Bd1 Qc7 35. Rd2 Bd5 36. Re2 f6 37. Re3 Kf7 38. Ke1 f5 39. Kd2 Qc6 40. gxf5 exf5 41. Kc1 f4 42. Re1 Be6 43. Rg1 Bxh3 44. e6+ Qxe6 45. Rxg5 Bf5 46. Kb2 h3 47. c6 h2 48. Rh5 Bh3 0-1

[Event "Quebec op"]
[Site "Montreal CAN"]
[Date "2000.07.25"]
[Round "5"]
[White "Tessier, Olivier"]
[Black "Reeve, Jeff"]
[Result "0-1"]
[WhiteElo "2061"]
[BlackElo "2318"]
[PlyCount "44"]
[GameId "2160767911653163"]
[EventDate "2000.07.22"]
[EventType "swiss"]
[EventRounds "9"]
[EventCountry "CAN"]

1. c4 g6 2. Nc3 Bg7 3. d4 Nf6 4. e4 d6 5. Be2 O-O 6. Bg5 c5 7. d5 h6 8. Be3 e6 9. h3 exd5 10. exd5 Re8 11. Qd2 Kh7 12. g4 Ne4 13. Nxe4 Rxe4 14. Bd3 Re8 15. O-O-O b5 16. f4 bxc4 17. Bxc4 Ba6 18. Bxa6 Nxa6 19. f5 Rb8 20. fxg6+ fxg6 21. Rf1 Rxb2 22. Qd1 Qb6 0-1

[Event "Quebec op"]
[Site "Montreal CAN"]
[Date "2000.07.26"]
[Round "6"]
[White "Antonenko, Valerija"]
[Black "Gibson, Kris"]
[Result "1-0"]
[WhiteElo "2061"]
[BlackElo "1865"]
[PlyCount "55"]
[GameId "2160767911653165"]
[EventDate "2000.07.22"]
[EventType "swiss"]
[EventRounds "9"]
[EventCountry "CAN"]

1. e4 c5 2. d4 cxd4 3. c3 dxc3 4. Nxc3 e6 5. Nf3 a6 6. Bc4 Nc6 7. O-O Be7 8. Qe2 Qc7 9. Rd1 Bf6 10. Nd5 exd5 11. exd5+ Ne5 12. Bb3 Kf8 13. Bg5 Nxf3+ 14. Qxf3 d6 15. Rac1 Qd8 16. Bf4 g6 17. Qg3 Be7 18. Re1 Kg7 19. Re2 Nf6 20. Qc3 Re8 21. Rce1 Bf5 22. Bg5 Rc8 23. Qd4 Kg8 24. Bxf6 Qd7 25. Rxe7 Rxe7 26. Rxe7 Qb5 27. h3 Re8 28. Bh8 1-0

[Event "Quebec op"]
[Site "Montreal CAN"]
[Date "2000.07.26"]
[Round "6"]
[White "Arsenault, Michel"]
[Black "Sullivan, Neil"]
[Result "0-1"]
[WhiteElo "1920"]
[BlackElo "2136"]
[PlyCount "80"]
[GameId "2160767911653166"]
[EventDate "2000.07.22"]
[EventType "swiss"]
[EventRounds "9"]
[EventCountry "CAN"]

1. c4 c5 2. g3 Nc6 3. Bg2 g6 4. Nc3 Bg7 5. e3 Nf6 6. Nge2 O-O 7. d4 cxd4 8. exd4 d6 9. h3 Bd7 10. O-O a6 11. b3 Rb8 12. Be3 b5 13. c5 dxc5 14. dxc5 Qc8 15. Kh2 Rd8 16. Qc1 Ne5 17. Bd4 Nc6 18. Be3 Nb4 19. Bf4 Nd3 20. Qe3 Nxf4 21. Nxf4 e6 22. b4 Bc6 23. Rad1 Bxg2 24. Kxg2 Qc7 25. Rfe1 h5 26. Nxe6 Qb7+ 27. f3 fxe6 28. Qxe6+ Kh7 29. Ne4 Nxe4 30. fxe4 Re8 31. Qd6 Qf7 32. e5 Qxa2+ 33. Rd2 Qc4 34. Rd4 Qc3 35. Rde4 Rf8 36. e6 Rbd8 37. Qc7 Qf3+ 38. Kh2 Rd2+ 39. R1e2 Rxe2+ 40. Rxe2 Qxe2+ 0-1